000 00507pab a2200169 454500
008 180718b1999 xxu||||| |||| 00| 0 eng d
100 _aJha, Raghbendra
245 _aMarket integration, price efficiency and short-run dynamics: a tale of two national stock markets
260 _c1999
300 _ap.195-202
362 _a16 and 23 Jan
650 _aFinancial markets - India
650 _aFinancial markets
700 _aNagarajan, Harik
773 _aEconomic and Political Weekly
909 _a40072
999 _c40072
_d40072